000 00650nam a2200277Ia 4500
005 20260324143849.0
008 008 260324s9999 xx 000 0 eng d
020 _a9781315530970
037 _aEBOOK
040 _aCRL
040 _beng
040 _cCRL
041 _2eng
041 _aeng
084 _qCRL
100 _aChristopher Winch
_9971818
245 0 _aLanguage, Ability and Educational Achievement
260 _bTaylor and Francis
260 _c1990
365 _a
365 _b130
856 _uhttp://www.taylorfrancis.com/books/9781315530970
942 _cEBOOK
999 _c1823110
_d1823110